Riigid, mis algavad tähega M - Statistics

General Stats
  • This quiz has been taken 6 times
  • The average score is 15 of 19
Answer Stats
Maa % Correct
Malaisia
100%
Mali
100%
Malta
100%
Maroko
100%
Mauritaania
100%
Mauritius
100%
Mikroneesia Liiduriigid
100%
Moldova
100%
Monaco
100%
Mongoolia
100%
Mosambiik
100%
Myanmar
100%
Madagaskar
50%
Malawi
50%
Maldiivid
50%
Marshalli Saared
50%
Mehhiko
50%
Montenegro
50%
Madalmaad
0%
No matching quizzes found
Score Distribution
Percent of People with Each Score
Percentile by Number Answered
Your Score History
You have not taken this quiz